[Event "22nd ECCC Women 2017"]
[Site "Antalya"]
[Date "2017.10.14"]
[Round "6"]
[White "Choisy, Mathilde"]
[Black "Brusilovski, Lena"]
[Result "1-0"]
[WhiteElo "2162"]
[BlackElo "1881"]
[Annotator "TA"]
[PlyCount "63"]
[EventType "team-tourn"]
[EventCountry "TUR"]
[SourceTitle "playchess.com"]
[Source "ChessBase"]
[SourceQuality "1"]
[WhiteTeam "Mulhouse Philidor"]
[BlackTeam "Beer Sheva"]

{[%evp 26,63,113,46,216,203,214,219,275,207,290,297,312,309,691,697,678,627,667,464,443,458,481,455,654,547,29991,29992,29992,29993,29993,29994,29994,29992,29995,29996,29997,29998,29998,29999]} 1. e4 c5 2. Nf3 d6 3. d4 cxd4 4. Nxd4 Nf6 5. Nc3 g6 6. Be3 Bg7 7. f3 O-O 8. Qd2 Nc6 9. O-O-O Nxd4 10. Bxd4 Be6 11. Kb1 Qc7 12. h4 Rfc8 13. h5 Qa5 14. hxg6 {LiveBook: 124 Games. B76: Sicilian Dragon: Yugoslav Attack, 9 g4 and 9 0-0-0} Rxc3 $2 (14... hxg6 $14 15. a3 a6) (14... hxg6 15. a3 Rab8 16. Bd3 b5 17. Qg5 Qc7 18. e5 dxe5 19. Bxe5 Qc5 20. f4 Rb7 21. Bxg6 fxg6 22. Qxg6 Bf5 23. Qxf5 b4 24. Qe6+ Kf8 25. Bxf6 exf6 26. Rh5 Qc7 27. axb4 Rxb4 28. Rd7 Rxb2+ 29. Ka1 {1-0 (29) Sjugirov,S (2667)-Petrosian,T (2607) Moscow 2016}) 15. gxh7+ $18 ({Much less strong is} 15. Qxc3 $6 Qxa2+ 16. Kc1 fxg6 $16) 15... Nxh7 16. Qxc3 $1 {White is clearly better.} Qxa2+ 17. Kc1 {[%cal Bb1c1,Bc1d2,Bd2e2][%mdl 32]} Bxd4 $146 (17... Rc8 {was necessary.} 18. Qa3 (18. Bxg7 Rxc3 19. Bxc3 Bc4 $16) 18... Qxa3 19. bxa3 a6 20. Bxg7 Kxg7) ({Predecessor:} 17... Rc8 18. Qa3 Qxa3 19. bxa3 Bb3 20. Bxg7 Kxg7 21. Bd3 Ng5 {1-0 (48) Astengo,C (2122)-Motola,J (1932) Milan 2012}) 18. Qxd4 ({Weaker is} 18. Rxd4 Qa1+ 19. Kd2 Rc8 $16) 18... Rc8 19. Bd3 Nf6 $2 (19... Qa1+ 20. Kd2 Qa5+ 21. Ke2 Qc5) 20. Qe3 {Qg5+ would kill now.} Qa1+ 21. Kd2 {Threatening mate with Qg5+.} Qa5+ {[#]} 22. b4 $1 Qe5 (22... Qxb4+ 23. Ke2) 23. Qh6 {[%csl Gh1][%cal Rh6h8]} Ne8 24. Rh5 {[%cal Bh1h5,Bh5h7,Bh7g7,Bg7e7][%mdl 32]} Qc3+ (24... Qf6 $142 25. Rg5+ Ng7 26. Qxf6 exf6) 25. Ke2 {Strongly threatening e5!} f6 26. Qh8+ {White mates.} Kf7 27. Rh7+ Kg6 28. Rdh1 {[%cal Bd1h1,Bh1h6,Bh6f6][%mdl 32]} Bc4 29. R1h6+ Kg5 {[#]} 30. Rg7+ $1 {[%mdl 512]} Kf4 {[#]} (30... Nxg7 31. Qxg7+) 31. Rxf6+ $1 {[%mdl 512]} Ke5 (31... Qxf6 32. Qh2#) 32. Rxe7+ {Precision: White = 94%, Black = 28%.} 1-0

[Event "22nd ECCC Women 2017"]
[Site "Antalya"]
[Date "2017.10.14"]
[Round "6"]
[White "Richard, Emma"]
[Black "Shvayger, Yuliya"]
[Result "0-1"]
[WhiteElo "2086"]
[BlackElo "2442"]
[Annotator "TA"]
[PlyCount "96"]
[EventType "team-tourn"]
[EventCountry "TUR"]
[SourceTitle "playchess.com"]
[Source "ChessBase"]
[SourceQuality "1"]
[WhiteTeam "Mulhouse Philidor"]
[BlackTeam "Beer Sheva"]

{[%evp 21,96,39,42,34,34,37,36,36,38,36,87,20,59,13,0,0,70,70,76,76,77,43,47,28,22,25,29,-62,-56,-73,-75,-102,-98,-151,-114,-157,-155,-163,-78,-119,-124,-268,-221,-234,-213,-235,-71,-64,-47,-48,-67,-1193,-212,-174,-115,-123,-135,-362,-346,-420,-409,-416,-324,-312,-313,-358,-343,-595,-591,-575,-543,-565,-541,-550,-548,-29986,-29987]} 1. e4 c5 2. Nf3 Nc6 3. Bb5 d6 4. O-O Bd7 5. c3 Nf6 6. Re1 a6 7. Bf1 Bg4 8. h3 Bxf3 9. Qxf3 g6 10. d3 Bg7 11. Qd1 {B51: Sicilian: Moscow Variation (3 Bb5+) without 3...Bd7} Nd7 {LiveBook: 8 Games} 12. Bg5 $146 ({Predecessor:} 12. Nd2 O-O 13. Nf3 Nde5 14. Nxe5 dxe5 15. Be3 b6 16. a3 a5 17. Qa4 Qd7 18. Be2 Rfb8 {½-½ (53) Grischuk,A (2785)-Bu,X (2683) Antalya 2013}) 12... O-O 13. Nd2 {White is slightly better.} b5 14. Nf3 Nb6 15. Qd2 Na4 (15... d5 $14) 16. Bh6 (16. d4 $16) 16... e5 17. Rac1 Bxh6 18. Qxh6 f6 ({Don't go for} 18... Nxb2 $2 19. Ng5 $18) (18... Qf6 $1 $11) 19. b3 $14 Nb6 20. d4 Qe7 21. a4 bxa4 22. bxa4 Nxa4 {[%cal Rc5d4]} 23. dxe5 Nxe5 24. Nh2 (24. Ra1 $11 Nxf3+ 25. gxf3) 24... c4 $15 25. Qd2 Nc5 26. Rb1 Ned3 27. Re3 Rfb8 ({Don't do} 27... Nxe4 28. Bxd3 Nxd2 29. Rxe7 $17) 28. Qa2 Rxb1 29. Qxb1 Kg7 (29... a5 $1 $19 {And now ...a4 would win.} 30. Ng4 a4) 30. Qa2 Qf7 $36 {[%mdl 2048] aiming for ...a5. Black is on the roll.} 31. h4 (31. Nf3 $17 {was worth a try.}) 31... Rb8 32. h5 Rb2 33. Qa5 Nxf2 $2 {[#]} (33... Qe7 $19 {is more deadly.} 34. Be2 Rc2) 34. e5 $1 $17 {[%mdl 512]} Nce4 {White must now prevent ...Qa7.} (34... dxe5 35. Qxc5) 35. exf6+ $1 Nxf6 36. Rf3 $2 {[%mdl 8192]} (36. Qd8 $15 N2e4 {[#]} 37. h6+ $1 {[%mdl 512]} Kxh6 38. Rxe4 $1 {[%mdl 512]} Nxe4 39. Qh4+ Kg7 40. Qxe4) 36... N2e4 $2 (36... Qa7 37. Rxf2 Rxf2 38. h6+ Kxh6) 37. Qxa6 $19 d5 {[#]} (37... gxh5 $19 38. Qxc4 Rb1) 38. Ng4 $1 $17 {[%mdl 512]} gxh5 (38... Nxg4 39. Rxf7+) 39. Ne3 $2 (39. Nxf6 $17 {was forced.} Nxf6 40. Qd6) 39... Rb8 $19 40. Nf5+ Kh8 41. Nd4 Qg6 42. Qa7 Re8 43. Qc7 Ng4 44. Rh3 $2 (44. Qd7) 44... Ng5 45. Rg3 Qf6 46. Nf3 Ne4 47. Rh3 Qxc3 {( -> ...Qe3+)} 48. Qf4 Qb2 {Precision: White = 35%, Black = 54%.} 0-1

[Event "22nd ECCC Women 2017"]
[Site "Antalya"]
[Date "2017.10.13"]
[Round "6"]
[White "Arda, Cagil Irmak"]
[Black "Stetsko, Lanita"]
[Result "1-0"]
[WhiteElo "2040"]
[BlackElo "2254"]
[Annotator "NA"]
[PlyCount "87"]
[EventType "team-tourn"]
[EventCountry "TUR"]
[SourceTitle "playchess.com"]
[Source "ChessBase"]
[SourceQuality "1"]
[WhiteTeam "Anatolia"]
[BlackTeam "Bossa Nova"]
[TimeControl "40/5400+30:1800+30"]

1. e4 {[%emt 0:00:30]} e5 {[%emt 0:01:00]} 2. Nf3 {[%emt 0:00:30]} Nc6 {[%emt 0:00:30]} 3. Nc3 {[%emt 0:00:00]} Nf6 {[%emt 0:00:30]} 4. Bb5 {[%emt 0:00:00]} Bd6 {[%emt 0:03:30]} 5. a3 {[%emt 0:00:30]} a6 {[%emt 0:02:30]} 6. Ba4 {[%emt 0:00:30]} h6 {[%emt 0:01:30]} 7. d3 {[%emt 0:00:30]} b5 {[%emt 0:01:30]} 8. Bb3 {[%emt 0:00:30]} Bc5 {[%emt 0:01:30]} 9. Be3 {[%emt 0:23:30]} Ba7 {[%emt 0:16:30]} 10. O-O {[%emt 0:02:30]} d6 {[%emt 0:02:30]} 11. h3 {[%emt 0:14:30]} O-O {[%emt 0:04:30]} 12. a4 {[%emt 0:11:30]} b4 {[%emt 0:02:30]} 13. Nd5 {[%emt 0:00:00]} Be6 {[%emt 0:06:30]} 14. Qd2 {[%emt 0:05:00]} Bxd5 {[%emt 0:01:30]} 15. exd5 {[%emt 0:02:30]} Ne7 {[%emt 0:01:30]} 16. Bxa7 $11 {[%emt 0:01:30]} Rxa7 {[%emt 0:00:30]} 17. Qxb4 {[%emt 0:00:30]} Nfxd5 {[%emt 0:08:30]} 18. Qh4 {[%emt 0:03:30]} Nf4 {[%emt 0:04:30]} 19. g3 {[%emt 0:04:30]} Nfg6 {[%emt 0:03:30]} 20. Qh5 {[%emt 0:02:30]} Rb7 {[%emt 0:01:30]} 21. Rae1 {[%emt 0:02:30]} Qd7 {[%emt 0:06:30]} 22. d4 {[%emt 0:05:43]} exd4 {[%emt 0:03:30]} 23. Nxd4 {[%emt 0:00:14]} c5 {[%emt 0:01:30]} 24. Ne6 {[%emt 0:03:14]} Rfb8 {[%emt 0:00:30]} 25. Nf4 {[%emt 0:05:11]} Nxf4 {[%emt 0:08:12]} 26. Qxf7+ {[%emt 0:01:36]} Kh8 {[%emt 0:00:30]} 27. Qxf4 {[%emt 0:00:17]} d5 {[%emt 0:00:00]} 28. Rd1 {[%emt 0:01:36]} Qc6 {[%emt 0:01:26]} 29. Rfe1 {[%emt 0:01:02]} Rd8 {[%emt 0:04:37]} 30. Qf7 {[%emt 0:02:42]} Qd7 {[%emt 0:02:56]} 31. Re5 {[%emt 0:02:18]} Nc6 {[%emt 0:05:04]} 32. Qxd7 {[%emt 0:02:03]} Rdxd7 {[%emt 0:01:25]} 33. Rexd5 {[%emt 0:00:20]} Rxd5 {[%emt 0:01:09]} 34. Rxd5 {[%emt 0:01:24]} c4 {[%emt 0:02:50]} 35. Bxc4 {[%emt 0:00:47]} Rxb2 {[%emt 0:00:07]} 36. Bxa6 {[%emt 0:00:50]} Rxc2 {[%emt 0:00:01]} 37. Bb5 {[%emt 0:00:07]} Nb4 {[%emt 0:00:36]} 38. Rd4 {[%emt 0:01:09]} Rb2 {[%emt 0:00:58]} 39. a5 {[%emt 0:00:33]} Nc2 {[%emt 0:01:00]} 40. Rd8+ {[%emt 0:00:30]} Kh7 {[%emt 0:00:09]} 41. Bd3+ {[%emt 0:01:24]} g6 {[%emt 0:00:30]} 42. Rd7+ {[%emt 0:01:30]} Kg8 {[%emt 0:00:30]} 43. Bxc2 {[%emt 0:02:30]} Rxc2 {[%emt 0:00:30]} 44. a6 {[%emt 0:00:30]} 1-0

[Event "22nd ECCC Women 2017"]
[Site "Antalya"]
[Date "2017.10.14"]
[Round "6"]
[White "Sade, Defne"]
[Black "Dragomirescu, Angela"]
[Result "0-1"]
[WhiteElo "1951"]
[BlackElo "2231"]
[Annotator "TA"]
[PlyCount "102"]
[EventType "team-tourn"]
[EventCountry "TUR"]
[SourceTitle "playchess.com"]
[Source "ChessBase"]
[SourceQuality "1"]
[WhiteTeam "Aegean"]
[BlackTeam "Timisoara"]

{[%evp 15,102,60,70,56,54,43,50,43,49,47,54,53,68,68,67,58,57,34,44,42,45,0,0,0,27,0,0,-16,0,0,0,0,0,0,0,0,11,0,0,0,0,-155,-146,-165,-159,-167,-159,-164,-155,-154,-125,-123,-123,-286,-272,-432,-420,-377,-332,-314,-296,-359,-310,-416,-387,-454,-381,-538,-508,-968,-877,-905,-877,-6099,-6107,-6099,-6042,-5106,-1325,-6311,-5871,-29988,-29989,-29988,-29989,-29990,-29987,-29987,-29988]} 1. e4 d6 2. d4 Nf6 3. Nc3 g6 4. f4 Bg7 5. Nf3 O-O 6. Be2 c6 7. O-O b5 8. a3 a6 9. Kh1 {B09: Pirc Defence: Austrian Attack} Bb7 (9... Bg4 10. h3 Bxf3 11. Bxf3 Ne8 12. f5 e6 13. Ne2 Nd7 14. Qd3 e5 15. c3 Rc8 16. a4 Nef6 17. axb5 axb5 {½-½ (26) Dolmatov,S (2550)-Todorcevic,M (2525) Marseille 1988}) 10. e5 Nd5 11. Nxd5 {White is slightly better.} cxd5 12. Bd3 Nc6 $146 ({Predecessor:} 12... e6 13. a4 b4 14. c3 Nc6 15. Qe1 a5 16. Bb5 Qb6 17. Bxc6 Bxc6 18. cxb4 axb4 {0-1 (52) Selvetti,A-Sepliarsky,M Rosario 2002}) 13. c3 Bc8 14. Qe1 dxe5 15. fxe5 f6 $1 16. exf6 exf6 17. a4 Re8 18. Qh4 b4 19. Bh6 Ra7 20. Rae1 (20. c4 {feels hotter.} a5 21. Bxg7 Kxg7 22. c5 Rae7 23. Ne5) 20... Rxe1 21. Rxe1 Re7 22. Bxg7 Kxg7 23. Rxe7+ Qxe7 24. Qe1 Kf7 25. Kg1 bxc3 (25... a5 {is interesting.} 26. Kf2 bxc3 27. Qxc3 Bd7 28. Bb5 Nb4) 26. Qxe7+ Kxe7 27. bxc3 $11 {[%mdl 4096] Endgame KBN-KBN} a5 28. Bb5 $2 {[#]} (28. Nd2 $11) 28... Na7 $1 $17 {[%cal Ra7b5]} 29. Bd3 Bd7 30. Bc2 {[#]} Nc8 $1 31. Nd2 Nb6 32. Kf2 Bxa4 33. Bxa4 Nxa4 {KN-KN} 34. c4 $2 (34. Nb3 $17) 34... Nc3 $19 35. cxd5 (35. Ke3 $142) 35... Nxd5 36. Ke2 Nb6 37. Kd3 f5 38. Kc3 Kd6 39. Nb3 a4 {[%cal Ba5a4,Ba4a3][%mdl 32]} 40. Nd2 Kd5 41. Nf3 (41. g3 {keeps fighting.} g5 42. Kd3) 41... Nc4 42. Kb4 (42. g3 $142 Na5 43. Ng5) 42... a3 {( -> ...a2)} 43. Kb3 f4 {[%cal Bf5f4,Bf4f3,Bf3f2][%mdl 32]} 44. h4 h6 45. Ka2 Ke4 46. Kb3 Ne3 47. Ne5 Nxg2 48. Nxg6 f3 {Black mates.} 49. Ne5 f2 50. Nc4 Kd3 51. Ne5+ Ke2 {Precision: White = 42%, Black = 75%.} 0-1

[Event "22nd ECCC Women 2017"]
[Site "Antalya"]
[Date "2017.10.13"]
[Round "6"]
[White "Ayan, Bengu Sena"]
[Black "Sandu, Mihaela"]
[Result "0-1"]
[WhiteElo "1888"]
[BlackElo "2278"]
[Annotator "NA"]
[PlyCount "74"]
[EventType "team-tourn"]
[EventCountry "TUR"]
[SourceTitle "playchess.com"]
[Source "ChessBase"]
[SourceQuality "1"]
[WhiteTeam "Aegean"]
[BlackTeam "Timisoara"]
[TimeControl "40/5400+30:1800+30"]

1. d4 {[%emt 0:00:30]} Nf6 {[%emt 0:01:00]} 2. c4 {[%emt 0:00:30]} g6 {[%emt 0:00:00]} 3. f3 {[%emt 0:00:00]} Bg7 {[%emt 0:00:00]} 4. e4 {[%emt 0:00:00]} d6 {[%emt 0:00:00] LiveBook: 759 Games} 5. Nc3 $14 {[%emt 0:00:00]} O-O {[%emt 0:01:00]} 6. Nge2 {[%emt 0:00:00]} Nbd7 {[%emt 0:00:00]} 7. Ng3 {[%emt 0:01:30]} c6 {[%emt 0:10:00]} 8. Be3 {[%emt 0:02:30]} e5 {[%emt 0:03:30]} 9. d5 {[%emt 0:01:30]} cxd5 {[%emt 0:00:30]} 10. cxd5 {[%emt 0:01:30]} a6 {[%emt 0:00:00]} 11. Be2 {[%emt 0:03:30]} h5 {[%emt 0:08:00]} 12. O-O {[%emt 0:05:30]} h4 {[%emt 0:08:30]} 13. Nh1 {[%emt 0:00:00]} Nh5 {[%emt 0:00:30]} 14. Qd2 {[%emt 0:06:00]} Nf4 {[%emt 0:01:30]} 15. Nf2 {[%emt 0:11:30]} Qg5 {[%emt 0:19:30]} 16. Bxf4 {[%emt 0:07:30]} Qxf4 {[%emt 0:02:30]} 17. Qc2 {[%emt 0:04:30]} Bh6 {[%emt 0:01:30]} 18. Rad1 {[%emt 0:05:30]} Qe3 {[%emt 0:04:30]} 19. Rd3 {[%emt 0:00:30]} Qc5 {[%emt 0:00:30]} 20. Kh1 {[%emt 0:00:30]} b5 {[%emt 0:00:30]} 21. Ng4 {[%emt 0:00:30]} Bg5 {[%emt 0:00:30]} 22. a3 {[%emt 0:00:30]} Nb6 {[%emt 0:05:30]} 23. b3 {[%emt 0:17:30]} Bd7 {[%emt 0:04:30]} 24. Qb2 {[%emt 0:01:30]} Rac8 {[%emt 0:00:30]} 25. f4 {[%emt 0:00:30]} exf4 {[%emt 0:03:30]} 26. b4 {[%emt 0:10:00]} Qc7 {[%emt 0:01:30]} 27. e5 {[%emt 0:04:46]} Nc4 {[%emt 0:03:30]} 28. Qa1 {[%emt 0:05:05]} Bxg4 {[%emt 0:04:38]} 29. Bxg4 {[%emt 0:03:34]} Nxe5 {[%emt 0:00:10]} 30. Bxc8 {[%emt 0:00:00]} Nxd3 {[%emt 0:01:58]} 31. Ne4 {[%emt 0:00:14]} Rxc8 {[%emt 0:01:47]} 32. Nxg5 {[%emt 0:00:07]} Qe7 {[%emt 0:00:48]} 33. Qd1 {[%emt 0:02:23]} Qe3 {[%emt 0:02:23]} 34. Qa1 {[%emt 0:02:08]} Nf2+ {[%emt 0:01:04]} 35. Rxf2 {[%emt 0:00:49]} Rc1+ {[%emt 0:00:06]} 36. Rf1 {[%emt 0:00:12]} Rxa1 {[%emt 0:00:01]} 37. Rxa1 {[%emt 0:00:00]} Qe5 {[%emt 0:00:06]} 0-1

[Event "22nd ECCC Women 2017"]
[Site "Antalya"]
[Date "2017.10.13"]
[Round "6"]
[White "Ince, Safiye Oyku"]
[Black "Caglar, Sila"]
[Result "0-1"]
[WhiteElo "1861"]
[BlackElo "2153"]
[Annotator "NA"]
[PlyCount "68"]
[EventType "team-tourn"]
[EventCountry "TUR"]
[SourceTitle "playchess.com"]
[Source "ChessBase"]
[SourceQuality "1"]
[WhiteTeam "Mediterranean"]
[BlackTeam "Marmara"]
[TimeControl "40/5400+30:1800+30"]

1. e4 {[%emt 0:00:30]} c5 {[%emt 0:01:00]} 2. Nf3 {[%emt 0:00:30]} d6 {[%emt 0:00:30]} 3. c3 {[%emt 0:00:00]} Nf6 {[%emt 0:00:00]} 4. Bc4 {[%emt 0:00:00]} e6 {[%emt 0:00:00]} 5. Qe2 {[%emt 0:00:00]} Be7 {[%emt 0:00:30]} 6. O-O {[%emt 0:00:00]} O-O {[%emt 0:00:00] LiveBook: 22 Games} 7. Bb3 {[%emt 0:00:30] B50: Sicilian: 2...d6, Miscellaneous} b6 {[%emt 0:00:00]} 8. d3 {[%emt 0:00:30]} Bb7 {[%emt 0:00:00]} (8... Ba6 9. Nbd2 Nc6 10. Re1 Rc8 11. Nf1 Re8 12. h3 Ne5 13. Bc2 Ng6 {½-½ (13) Kritz,L (2604)-Corrales Jimenez,F (2629) Lubbock 2013}) 9. Nbd2 {[%emt 0:00:30]} Nc6 {[%emt 0:00:00]} 10. d4 $146 {[%emt 0:02:30]} ({Predecessor:} 10. Rd1 Qc7 11. Nf1 Rac8 12. Ng3 Ba6 13. Bf4 Ne5 14. Bc2 Ng6 15. Bd2 d5 16. c4 Nd7 17. Bc3 {½-½ (17) Manik,M (2495)-Bruned,Y (2316) Salou 2005}) 10... cxd4 {[%emt 0:01:30]} 11. cxd4 {[%emt 0:00:30]} d5 {[%emt 0:00:30]} 12. e5 {[%emt 0:00:30]} Nd7 {[%emt 0:00:00]} 13. Re1 {[%emt 0:01:30]} Nb4 {[%emt 0:00:00]} 14. Nf1 {[%emt 0:02:30]} Ba6 {[%emt 0:00:30]} 15. Qe3 {[%emt 0:00:30]} Rc8 {[%emt 0:00:30]} 16. Bd2 {[%emt 0:01:30]} Nd3 {[%emt 0:01:30]} 17. Reb1 {[%emt 0:00:30]} f5 {[%emt 0:03:30]} 18. exf6 {[%emt 0:04:30]} Rxf6 {[%emt 0:00:30]} 19. Bc3 {[%emt 0:01:30]} Bd6 {[%emt 0:05:30]} 20. Ng3 {[%emt 0:04:30]} Nf4 {[%emt 0:04:30]} 21. a4 {[%emt 0:10:30]} Nf8 {[%emt 0:03:30]} 22. Ne5 {[%emt 0:02:30]} N8g6 {[%emt 0:05:30]} 23. Nxg6 {[%emt 0:05:30]} Rxg6 $19 {[%emt 0:01:30]} 24. Bd1 {[%emt 0:00:30]} Qh4 {[%emt 0:02:30]} 25. Bf3 {[%emt 0:10:30]} Rh6 {[%emt 0:01:30]} 26. h3 {[%emt 0:00:00]} Nxh3+ {[%emt 0:00:30]} 27. gxh3 {[%emt 0:00:00]} Qxh3 {[%emt 0:02:30]} 28. Qxh6 {[%emt 0:00:30]} Qxh6 {[%emt 0:00:30]} 29. Kg2 {[%emt 0:00:30]} Rf8 {[%emt 0:00:30]} 30. Be1 {[%emt 0:02:30]} Qf6 {[%emt 0:02:30]} 31. Bg4 {[%emt 0:00:30]} Bxg3 {[%emt 0:01:30]} 32. Kxg3 {[%emt 0:02:30]} Qf4+ {[%emt 0:00:30]} 33. Kh3 {[%emt 0:00:00]} Bf1+ {[%emt 0:00:00]} 34. Kh4 {[%emt 0:02:00]} Qh2+ {[%emt 0:00:00]} 0-1

[Event "22nd ECCC Women 2017"]
[Site "Antalya"]
[Date "2017.10.13"]
[Round "6"]
[White "Ozbek, Busra"]
[Black "Ozbay, Ece"]
[Result "0-1"]
[WhiteElo "1850"]
[BlackElo "1998"]
[Annotator "NA"]
[PlyCount "124"]
[EventType "team-tourn"]
[EventCountry "TUR"]
[SourceTitle "playchess.com"]
[Source "ChessBase"]
[SourceQuality "1"]
[WhiteTeam "Mediterranean"]
[BlackTeam "Marmara"]
[TimeControl "40/5400+30:1800+30"]

1. e4 {[%emt 0:00:30]} c5 {[%emt 0:01:00]} 2. c3 {[%emt 0:00:00]} d5 {[%emt 0:01:30]} 3. exd5 {[%emt 0:00:00]} Qxd5 {[%emt 0:00:00]} 4. d4 {[%emt 0:00:30]} Nf6 {[%emt 0:00:00]} 5. Nf3 {[%emt 0:00:30]} Nc6 {[%emt 0:00:00]} 6. Be3 {[%emt 0:00:00]} cxd4 {[%emt 0:00:00]} 7. cxd4 {[%emt 0:00:00]} e6 {[%emt 0:00:30]} 8. Nc3 {[%emt 0:00:30]} Qd6 {[%emt 0:00:30]} 9. a3 {[%emt 0:00:30]} Be7 {[%emt 0:01:30]} 10. Bd3 {[%emt 0:00:30]} O-O {[%emt 0:01:30]} 11. O-O {[%emt 0:00:30]} b6 {[%emt 0:00:30]} 12. Qe2 {[%emt 0:00:30]} Bb7 {[%emt 0:01:30]} 13. Rad1 {[%emt 0:00:30]} Rad8 {[%emt 0:02:30]} 14. Rfe1 {[%emt 0:00:30]} Rfe8 {[%emt 0:00:30]} 15. Bb1 {[%emt 0:00:30]} Qb8 {[%emt 0:01:30]} 16. Bg5 {[%emt 0:00:30]} g6 {[%emt 0:02:30]} 17. Ba2 {[%emt 0:01:30]} Ng4 {[%emt 0:12:30]} 18. g3 {[%emt 0:05:30]} Bxg5 {[%emt 0:06:30]} 19. Nxg5 {[%emt 0:01:30]} Nf6 {[%emt 0:01:30]} 20. Qf3 {[%emt 0:11:30]} h6 {[%emt 0:13:30]} 21. Qxf6 {[%emt 0:02:30]} hxg5 {[%emt 0:00:30]} 22. d5 {[%emt 0:00:30]} exd5 {[%emt 0:01:30]} 23. Rxe8+ {[%emt 0:01:30]} Rxe8 {[%emt 0:00:00]} 24. Bxd5 {[%emt 0:00:00]} Ne5 {[%emt 0:02:00]} 25. Bxb7 {[%emt 0:29:00]} Qxb7 {[%emt 0:00:30]} 26. Rd5 {[%emt 0:00:30]} Nc6 {[%emt 0:13:30]} 27. f3 {[%emt 0:17:30]} g4 {[%emt 0:18:09]} 28. fxg4 {[%emt 0:06:30]} Re6 {[%emt 0:13:53]} 29. Qf4 {[%emt 0:09:59]} Qe7 {[%emt 0:03:17]} 30. Rd2 {[%emt 0:06:24]} Rf6 {[%emt 0:01:22]} 31. Qe4 {[%emt 0:03:31]} Qc5+ {[%emt 0:01:15]} 32. Kg2 {[%emt 0:00:06]} Re6 {[%emt 0:00:18]} 33. Qd5 {[%emt 0:01:12]} Qe7 {[%emt 0:00:36]} 34. Qf3 {[%emt 0:00:46]} Ne5 {[%emt 0:00:30]} 35. Qd1 {[%emt 0:00:20]} Qb7+ {[%emt 0:00:25]} 36. Nd5 {[%emt 0:00:57]} Nc4 {[%emt 0:00:15]} 37. Kf2 {[%emt 0:00:28]} Nxd2 {[%emt 0:00:41]} 38. Qxd2 {[%emt 0:00:13]} Rd6 {[%emt 0:00:00]} 39. Ne7+ {[%emt 0:00:55]} Qxe7 {[%emt 0:00:02]} 40. Qc2 {[%emt 0:00:00]} Rf6+ {[%emt 0:00:17]} 41. Kg2 {[%emt 0:00:39]} Qb7+ {[%emt 0:00:30]} 42. Kg1 {[%emt 0:01:30]} Qf3 {[%emt 0:00:30]} 43. Qc4 {[%emt 0:00:30]} Qf2+ {[%emt 0:00:30]} 44. Kh1 {[%emt 0:00:30]} Qf1+ {[%emt 0:00:30]} 45. Qxf1 {[%emt 0:00:00]} Rxf1+ {[%emt 0:00:00]} 46. Kg2 {[%emt 0:00:00]} Rb1 {[%emt 0:00:00]} 47. b4 {[%emt 0:00:30]} Rb3 {[%emt 0:00:00]} 48. h4 {[%emt 0:00:00]} Rxa3 {[%emt 0:00:00]} 49. h5 {[%emt 0:00:00]} a5 {[%emt 0:00:00]} 50. bxa5 {[%emt 0:00:30]} bxa5 {[%emt 0:00:00]} 51. hxg6 {[%emt 0:00:30]} fxg6 {[%emt 0:00:30]} 52. g5 {[%emt 0:00:00]} Rb3 {[%emt 0:00:30]} 53. Kh3 {[%emt 0:00:00]} a4 {[%emt 0:00:30]} 54. Kh4 {[%emt 0:00:00]} Rb1 {[%emt 0:00:30]} 55. g4 {[%emt 0:00:00]} a3 {[%emt 0:00:00]} 56. Kg3 {[%emt 0:00:00]} a2 {[%emt 0:00:00]} 57. Kf4 {[%emt 0:00:00]} a1=Q {[%emt 0:00:30]} 58. Ke4 {[%emt 0:00:00]} Rb4+ {[%emt 0:00:00]} 59. Kd5 {[%emt 0:00:00]} Qa5+ {[%emt 0:00:00]} 60. Ke6 {[%emt 0:00:00]} Rb6+ {[%emt 0:00:30]} 61. Ke7 {[%emt 0:00:00]} Qa7+ {[%emt 0:00:30]} 62. Ke8 {[%emt 0:00:30]} Rb8# {[%emt 0:00:00]} 0-1

[Event "22nd ECCC Women 2017"]
[Site "Antalya"]
[Date "2017.10.14"]
[Round "6"]
[White "Ovechkin, Lilia"]
[Black "Neuhauser, Salome"]
[Result "0-1"]
[WhiteElo "1779"]
[BlackElo "2140"]
[Annotator "TA"]
[PlyCount "66"]
[EventType "team-tourn"]
[EventCountry "TUR"]
[SourceTitle "playchess.com"]
[Source "ChessBase"]
[SourceQuality "1"]
[WhiteTeam "Beer Sheva"]
[BlackTeam "Mulhouse Philidor"]

{[%evp 9,66,5,56,0,16,-4,4,-20,-13,-62,-69,-73,-72,-79,-64,-66,-62,-63,-58,-55,-52,-29,-29,-101,-106,-127,-112,-218,-264,-452,-466,-1074,-1066,-1037,-1021,-991,-716,-691,-593,-1387,-1387,-1362,-1316,-2552,-912,-1171,-1151,-1115,-1111,-29988,-29989,-29989,-29981,-29990,-29991,-29997,-29998,-29998,-29999]} 1. d4 Nf6 2. Bf4 e6 3. e3 c5 4. c3 Nc6 (4... b6 5. Nd2 Bb7 6. Ngf3 Be7 7. h3 O-O 8. Bd3 d6 9. O-O Nc6 10. Bh2 Re8 11. a3 Bf8 12. Qe2 g6 13. Rfd1 a6 14. e4 d5 15. e5 Nd7 16. Bf4 b5 17. Qe3 Rc8 {0-1 (48) Grachev,B (2645)-Fedoseev,V (2733) Sochi 2017}) 5. Bd3 Qb6 ({Black should play} 5... d5 $11) 6. Qc2 {A45: Trompowsky Attack} (6. Na3 $1 $14) 6... d5 7. Nd2 Bd7 $146 ({Predecessor:} 7... Nh5 8. Bg3 Bd7 9. Ngf3 Rc8 10. Ng5 cxd4 11. exd4 Nb4 12. Qb1 Nxd3+ 13. Qxd3 Qxb2 {0-1 (30) Ong,A (781)-Denayer,W (2272) LSS email 2008}) 8. Rc1 {The position is equal.} Nh5 9. Bg5 h6 10. Bh4 g5 $36 {[%mdl 2048] Black has strong initiative.} 11. Bg3 cxd4 12. exd4 Nxg3 13. hxg3 Rc8 14. Qb1 e5 {[%cal Be6e5,Be5d4,Bd4d3][%mdl 32]} 15. Bf5 exd4 {next ...Bxf5 is good for Black.} 16. Bxd7+ (16. Ngf3 $11 {remains equal.}) 16... Kxd7 $17 17. Qf5+ Kc7 18. Qxf7+ (18. Ne2 $17) 18... Kb8 $19 19. Ne2 $2 (19. Ngf3 dxc3 20. bxc3) 19... d3 20. Ng1 (20. Nf4 $142 gxf4 21. Qxf4+ Rc7 22. O-O) 20... Bc5 21. Ngf3 Bxf2+ 22. Kd1 Qxb2 23. Qxd5 g4 24. Ne5 Nxe5 25. Qxe5+ Ka8 {Strongly threatening ...Rhe8.} 26. Rf1 Qxa2 (26... Rhe8 $142 27. Qa5 Bc5) 27. Qe4 {[#]} Be3 $1 {[%mdl 512]} 28. Qxe3 {[#]} Qa4+ $1 29. Nb3 Qxb3+ {Black mates.} 30. Kd2 Qb2+ 31. Kd1 Rhe8 32. Qf2 Re2 {[%csl Ge2][%cal Rb2d2]} 33. Qf4 Qb3+ {Precision: White = 15%, Black = 67%.} 0-1